000 00470cam a2200181 4500
001 D9408
008 090401t1957 xxu||||| |||| 00| 0 eng d
035 _a(Sirsi) u19440
041 _aeng
050 _a333.337
100 _aTurvey, Ralph
245 4 _aThe economics of real property: an analysis of property values and patterns of use
260 _aLondon
_bAllen & Unwin
_c1957
300 _ax. 150p. 22cm
350 _a0.86
942 _n0
948 _c04/03/1997
999 _c87680
_d87680